Sudden Death - Anatomie Magen-Darm-Trakt - Statistiken

Allgemein
  • Dieses Quiz wurde 275 mal gespielt
  • Das Durchschnittsergebnis liegt bei 8 aus 13
Answers on the Grid
Answers color-coded by a green-red scale on the quiz's grid according to % correct below.
Ösophagus
Magen
Neuropexus
Duodenum
Jejunum
Ileum
Syntheplex
Cryptomus
Pankreas
Vibraculum
Leber
Visceraflux
Aquatide
Chronozentrum
Gallenblase
Caecum
Gastronem
Colon
Harmonius
Empathon
Sigmoid
Vortexium
Rektum
Anus
 
Antwortstatistiken
Antwort % Korrekt
Magen
92%
Anus
78%
Rektum
75%
Pankreas
69%
Gallenblase
65%
Leber
64%
Colon
58%
Ösophagus
55%
Duodenum
50%
Ileum
46%
Jejunum
40%
Caecum
38%
Sigmoid
23%
Keine übereinstimmenden Quizze gefunden
Verteilung der Resultate
Anzahl Personen mit jedem Resultat
Perzentil nach korrekt beantworteten Fragen
Ihre Resultats-Entwicklung
Sie haben dieses Quiz noch nicht gespielt